Puzzle JetPunk : La Carte de l'Europe - Statistiques

Statistiques générales
  • Ce quiz a été pris 145 369 fois
    145 279 depuis la dernière actualisation
  • Le résultat moyen est 14 sur 69
Réponses sur la Carte
Les réponses sont colorées sur une échelle allant du rouge au vert en fonction du pourcentage des utilisateurs qui les ont devinées à leur premier essai. Vous pouvez retrouver ces pourcentages ci-dessous.
 
Statistiques - réponses
Réponse % Correct
53%
48%
46%
46%
44%
37%
35%
34%
33%
32%
31%
31%
30%
27%
26%
25%
25%
24%
23%
23%
20%
19%
18%
18%
18%
17%
17%
17%
17%
16%
16%
16%
16%
16%
16%
16%
16%
16%
15%
14%
14%
14%
14%
14%
14%
14%
13%
13%
13%
13%
12%
12%
12%
12%
12%
12%
12%
12%
12%
11%
11%
11%
10%
10%
10%
10%
10%
9%
9%
Aucun quiz correspondant
Distribution des résultats
% des personnes avec chaque résultat
Percentile par nombre de réponses
Votre historique - résultats
Vous n’avez pas pris ce quiz depuis la dernière actualisation